Catálogo
 En Linea

Pedro Henríquez Ureña hermano y maestro : (Registro nro. 38841)

Detalles MARC
000 -CABECERA
campo de control de longitud fija 00638nam a2200157 a 4500
001 - NÚMERO DE CONTROL
campo de control 000039351
005 - FECHA Y HORA DE LA ÚLTIMA TRANSACCIÓN
campo de control 20240227073914.0
008 - DATOS DE LONGITUD FIJA--INFORMACIÓN GENERAL
campo de control de longitud fija 130625s2002 dr c 000 0 spa d
040 ## - FUENTE DE LA CATALOGACIÓN
Centro catalogador/agencia de origen DO-SdBNP
Lengua de catalogación spa
Centro/agencia transcriptor BNPHU
082 ## - NÚMERO DE LA CLASIFICACIÓN DECIMAL DEWEY
Número de clasificación xxx
100 1# - ENTRADA PRINCIPAL--NOMBRE DE PERSONA
Nombre de persona Henríquez Ureña, Max,
Fechas asociadas al nombre 1885-1968
9 (RLIN) 2621
245 10 - MENCIÓN DE TÍTULO
Título Pedro Henríquez Ureña hermano y maestro :
Resto del título (Recuerdos de infancia y juventud) /
Mención de responsabilidad, etc. Max Henríquez Ureña.
260 ## - PUBLICACIÓN, DISTRIBUCIÓN, ETC.
Lugar de publicación, distribución, etc. Santo Domingo :
Nombre del editor, distribuidor, etc. Corripio,
Fecha de publicación, distribución, etc. 2002.
300 ## - DESCRIPCIÓN FÍSICA
Extensión 30 p. :
Otras características físicas retr. ;
Dimensiones 28 cm.
500 ## - NOTA GENERAL
Nota general Esta edición de hermano y Mestro de Max Henriquez Ureña, se hizo con motivo de la V Feria Internacional del Libro Santo Domingo 2002.
Existencias
Estado de retiro Estado de pérdida No para préstamo Código de colección Localización permanente Ubicación/localización actual Ubicación en estantería Fecha de adquisición Número de inventario Total de préstamos Signatura topográfica completa Código de barras Fecha visto por última vez Precio válido a partir de Tipo de ítem Koha
      Patrimonio Dominicano Patrimonio Dominicano Patrimonio Dominicano Orden iniciada 25.06.2013 LF1   xxx 39351-10 25.06.2020 25.06.2020 Libro y Folleto Colección Patrimonio Dominicano

Con tecnología Koha